| 000 | 01888 a2200241 4500 | ||
|---|---|---|---|
| 001 | 38 | ||
| 005 | 20260407155404.0 | ||
| 008 | 260407a2004 arg spa d | ||
| 003 | AR-UNSa-BCEJYS | ||
| 040 |
_aAR-UNSa-BCEJYS _bspa _cAR-UNSa-BCEJYS |
||
| 080 |
_a347.440 _xTipos de contratos (Fideicomisos) |
||
| 245 | 1 | 0 | _aTratado de fideicomiso |
| 020 | _a978-950-14-1942-9 | ||
| 250 | _a2a. ed. | ||
| 264 | 1 |
_aBuenos Aires : _bDepalma _c2004 |
|
| 300 |
_a832 p. _c22 cm. |
||
| 505 | _a1. Los negocios fiduciarios y el fideicomiso - 2. El dominio fiduciario - 3. Modos de adquisición del dominio fiduciario. Cuestiones registrales que plantea el dominio fiduciario - 4. Extinción del dominio fiduciario - 5. El patrimonio fiduciario - 6. El contrato de fideicomiso. Antecedentes de la Ley 24.441 (Título I: "Del fideicomiso"). Fuentes Latinoamericanas. Análisis del fideicomiso como contrato - 7. Facultades y obligaciones del dueño fiduciario - 8. Responsabilidad del fiduciario por incumplimiento de las obligaciones impuestas por el fideicomiso - 9. El fiduciante, el beneficiario y el fideicomisario. El comité técnico y la asamblea de beneficiarios - 10. La insuficiencia del patrimonio fideicomitido y su liquidación. El fideicomiso frente al concurso y la quiebra. El fideicomiso y la reestructuración de bancos (art. 35 bis, LEF) - 11. Fideicomiso de garantía - 12. Fideicomiso testamentario - 13. Fideicomiso público. El estado como fideicomitente - 14. Titulización - 15. Fideicomiso financiero. Fideicomiso ordinario público. Fondos de inversión directa. Reglamentación de la CNV - 16. Régimen tributario del fideicomiso | ||
| 041 | _aspa | ||
| 942 | _cBK | ||
| 590 | _aniveau_biblio:m niveau_hierar:0 | ||
| 100 | 1 | _aKiper, Claudio M. | |
| 856 | 4 | 1 |
_uhttps://biblioeco.unsa.edu.ar/pmb/images/libros/Tratado de fideicomiso-l116463.jpg _yImagen de portada _qimage/jpeg |
| 999 |
_c30 _d30 |
||